| 000 | 01136cam a2200301 a 4500 | ||
|---|---|---|---|
| 999 |
_c328722 _d328722 |
||
| 001 | 2126354 | ||
| 003 | Nust | ||
| 005 | 20170414115951.0 | ||
| 008 | 970729s1997 dcua b 000 0 eng | ||
| 010 | _a 97036029 | ||
| 020 | _a0821340328 | ||
| 040 |
_aDLC _cDLC _dDLC |
||
| 043 | _aa------ | ||
| 050 | 0 | 0 |
_aTD883.7.A78 _bU73 1997 |
| 082 | 0 | 0 |
_a363.7 LAR _221 |
| 245 | 0 | 0 |
_aUrban air quality management strategy in Asia : _bguidebook / _cEdited by Jitendra J. Shah, Tanvi Nagpal, Carter J. Brandon. |
| 260 |
_aWashington, D.C. : _bWorld Bank, _cc1997. |
||
| 300 |
_axiv, 171 p. : _bill. ; _c28 cm. |
||
| 500 | _aP.B | ||
| 504 | _aIncludes bibliographical references (p. 97-103). | ||
| 650 | 0 |
_aAir quality management _zAsia. |
|
| 650 | 0 |
_aUrban pollution _zAsia. |
|
| 700 | 1 |
_aShah, Jitendra J., _d1952- |
|
| 700 | 1 |
_aNagpal, Tanvi, _d1967- |
|
| 700 | 1 |
_aBrandon, Carter, _d1954- |
|
| 906 |
_a7 _bcbc _corignew _d1 _eocip _f19 _gy-gencatlg |
||
| 942 |
_2ddc _cBK _k363.7 LAR |
||